| 000 | 01007nam a22002897a 4500 | ||
|---|---|---|---|
| 001 | 5372 | ||
| 003 | FISKH | ||
| 005 | 20241128153423.0 | ||
| 008 | 241128b cb ||||| |||| 00| 0 eng d | ||
| 020 | _a9780531265659 | ||
| 040 |
_aFISKH _beng _cFISKH _dFISKH |
||
| 050 | _aHV6432.B427 | ||
| 082 | _a973.931 | ||
| 100 | _aBenoit, Peter | ||
| 245 |
_aSeptember 11 We Will Never Forget : _bBringing History to Life / _cby Peter Benoit |
||
| 260 |
_aNew York : _bScholastic ; _c2012 . |
||
| 300 |
_a64 pages : _bcolor illustrations ; _c24 cm . |
||
| 490 |
_aCornerstones of Freedom _vThird Series |
||
| 505 | _aZ | ||
| 520 | _aDescribes the events leading to the terrorist attacks of September 11, 2001 and discusses how they have shaped the nation. | ||
| 521 | 8 |
_a950
_bLexile |
|
| 521 | 8 |
_aZ
_bRaz-Plus |
|
| 650 |
_aSeptember II Terrorist Attacks, 2001 _vJuvenile Literature |
||
| 650 |
_aTerrorism- United States _vJuvenile Literature |
||
| 942 |
_2ddc _cBK _n0 |
||
| 999 |
_c5372 _d5372 |
||